<?xml version="1.0" encoding="UTF-8"?>
<record
    xmlns:xsi="http://www.w3.org/2001/XMLSchema-instance"
    xsi:schemaLocation="http://www.loc.gov/MARC21/slim http://www.loc.gov/standards/marcxml/schema/MARC21slim.xsd"
    xmlns="http://www.loc.gov/MARC21/slim">

  <leader>01207nam a22002177a 4500</leader>
  <controlfield tag="005">20230614115414.0</controlfield>
  <controlfield tag="008">230614b           ||||| |||| 00| 0 eng d</controlfield>
  <datafield tag="020" ind1=" " ind2=" ">
    <subfield code="a">97800713189501</subfield>
  </datafield>
  <datafield tag="050" ind1=" " ind2=" ">
    <subfield code="a">P90.H745(5e)</subfield>
  </datafield>
  <datafield tag="100" ind1=" " ind2=" ">
    <subfield code="a">Pearson, Judy C.</subfield>
    <subfield code="9">1049</subfield>
  </datafield>
  <datafield tag="245" ind1=" " ind2=" ">
    <subfield code="a">Human communication /</subfield>
    <subfield code="c">Judy C. Pearson ... [et at.]</subfield>
  </datafield>
  <datafield tag="250" ind1=" " ind2=" ">
    <subfield code="a">5th ed.</subfield>
  </datafield>
  <datafield tag="260" ind1=" " ind2=" ">
    <subfield code="a">New York :</subfield>
    <subfield code="b">McGraw-Hill Connect Learn Suceed,</subfield>
    <subfield code="c">2013.</subfield>
  </datafield>
  <datafield tag="300" ind1=" " ind2=" ">
    <subfield code="a">xxv, 388 p. :</subfield>
    <subfield code="b">col. ill. ;</subfield>
    <subfield code="c">25 cm.</subfield>
  </datafield>
  <datafield tag="500" ind1=" " ind2=" ">
    <subfield code="a">Include index.</subfield>
  </datafield>
  <datafield tag="505" ind1=" " ind2=" ">
    <subfield code="a">Contents: Part 1: Fundamentals of communication studies: Introduction to human communication -- Perception, self, and communication -- Language and meaning -- Nonverbal communication -- Listening and critical thinking -- Part 2: Communication contexts: Interpersonal communication -- Intercultural communication -- Small-group communication -- Workplace communication -- Part 3: Topic selection and audience analysis -- Being credible and using evidence -- Organizing your presentation -- Delivery and visual resources -- Informative presentations -- Persuasive presentations.</subfield>
  </datafield>
  <datafield tag="700" ind1=" " ind2=" ">
    <subfield code="a">Nelson, Paul.</subfield>
    <subfield code="9">1627</subfield>
  </datafield>
  <datafield tag="700" ind1=" " ind2=" ">
    <subfield code="a">Titsworth, Scott.</subfield>
    <subfield code="9">1628</subfield>
  </datafield>
  <datafield tag="700" ind1=" " ind2=" ">
    <subfield code="a">Harter, Lynn.</subfield>
    <subfield code="9">1629</subfield>
  </datafield>
  <datafield tag="942" ind1=" " ind2=" ">
    <subfield code="2">lcc</subfield>
    <subfield code="c">BK</subfield>
  </datafield>
  <datafield tag="999" ind1=" " ind2=" ">
    <subfield code="c">9675</subfield>
    <subfield code="d">17175</subfield>
  </datafield>
  <datafield tag="952" ind1=" " ind2=" ">
    <subfield code="0">0</subfield>
    <subfield code="1">0</subfield>
    <subfield code="2">lcc</subfield>
    <subfield code="4">0</subfield>
    <subfield code="7">0</subfield>
    <subfield code="a">WIUC-1</subfield>
    <subfield code="b">WIUC-1</subfield>
    <subfield code="c">REF</subfield>
    <subfield code="d">2023-06-14</subfield>
    <subfield code="l">0</subfield>
    <subfield code="o">P90.H745(5e)</subfield>
    <subfield code="p">9365/066/23</subfield>
    <subfield code="r">2023-06-14 00:00:00</subfield>
    <subfield code="t">1</subfield>
    <subfield code="w">2023-06-14</subfield>
    <subfield code="y">BK</subfield>
  </datafield>
  <datafield tag="952" ind1=" " ind2=" ">
    <subfield code="0">0</subfield>
    <subfield code="1">0</subfield>
    <subfield code="2">lcc</subfield>
    <subfield code="4">0</subfield>
    <subfield code="7">0</subfield>
    <subfield code="a">WIUC-1</subfield>
    <subfield code="b">WIUC-1</subfield>
    <subfield code="c">REF</subfield>
    <subfield code="d">2023-06-14</subfield>
    <subfield code="l">0</subfield>
    <subfield code="o">P90.H7451(5e)</subfield>
    <subfield code="p">9366/067/23</subfield>
    <subfield code="r">2023-06-14 00:00:00</subfield>
    <subfield code="t">2</subfield>
    <subfield code="w">2023-06-14</subfield>
    <subfield code="y">BK</subfield>
  </datafield>
  <datafield tag="952" ind1=" " ind2=" ">
    <subfield code="0">0</subfield>
    <subfield code="1">0</subfield>
    <subfield code="2">lcc</subfield>
    <subfield code="4">0</subfield>
    <subfield code="7">0</subfield>
    <subfield code="a">WIUC-1</subfield>
    <subfield code="b">WIUC-1</subfield>
    <subfield code="c">REF</subfield>
    <subfield code="d">2023-06-14</subfield>
    <subfield code="l">0</subfield>
    <subfield code="o">P90.H7452(5e)</subfield>
    <subfield code="p">9367/068/23</subfield>
    <subfield code="r">2023-06-14 00:00:00</subfield>
    <subfield code="t">3</subfield>
    <subfield code="w">2023-06-14</subfield>
    <subfield code="y">BK</subfield>
  </datafield>
  <datafield tag="952" ind1=" " ind2=" ">
    <subfield code="0">0</subfield>
    <subfield code="1">0</subfield>
    <subfield code="2">lcc</subfield>
    <subfield code="4">0</subfield>
    <subfield code="7">0</subfield>
    <subfield code="a">WIUC-1</subfield>
    <subfield code="b">WIUC-1</subfield>
    <subfield code="c">REF</subfield>
    <subfield code="d">2023-06-14</subfield>
    <subfield code="l">0</subfield>
    <subfield code="o">P90.H7453(5e)</subfield>
    <subfield code="p">9368/069/23</subfield>
    <subfield code="r">2023-06-14 00:00:00</subfield>
    <subfield code="t">4</subfield>
    <subfield code="w">2023-06-14</subfield>
    <subfield code="y">BK</subfield>
  </datafield>
</record>
